| 000 | 01066cam a2200301 i 4500 | ||
|---|---|---|---|
| 001 | 17208441 | ||
| 005 | 20141215154541.0 | ||
| 008 | 120313s2013 xxuadk frb f001 0 eng d | ||
| 010 | _a2012010868 | ||
| 020 | _a9780521191760 (hardback) | ||
| 020 | _a9780521139656 (paperback) | ||
| 040 |
_aDLC _beng _cDLC _dDLC _dEG-ScBUE |
||
| 082 | 0 | 0 |
_a332.63222 _222 _bAMI |
| 100 | 1 |
_aAmihud, Yakov, _d1947- _936937 |
|
| 245 | 0 | 0 |
_aMarket liquidity : _basset pricing, risk, and crises / _cYakov Amihud, Haim Mendelson, Lasse Heje Pedersen. |
| 260 |
_aNew York, United States : _bCambridge University Press, _c2013. |
||
| 300 |
_axiv, 277 p. : _bcharts, forms, tables ; _c24 cm. |
||
| 500 | _aIndex : p. 275-277. | ||
| 504 | _aIncludes bibliographical references. | ||
| 504 | _aBibliography : p. 271-274. | ||
| 650 | 0 |
_aLiquidity (Economics) _936504 |
|
| 650 | 0 |
_aSecurities _xPrices _936455 |
|
| 653 |
_bBUSADM _cDecember2014 |
||
| 655 |
_vreading book _934232 |
||
| 700 | 1 |
_aMendelson, Haim _936938 |
|
| 700 | 1 |
_aPedersen, Lasse Heje _936939 |
|
| 942 |
_2ddc _k332.63222 AMI |
||
| 999 |
_c18782 _d18754 |
||